03655cam a22004574i 4500003000900000005001700009008004100026020001500067035002700082040003300109082002000142100003200162245008200194250002300276264005700299300006300356336002100419337002500440338002300465504003400488505248400522526001003006526001003016526000903026526000903035526000903044526000903053526000903062526000903071526000803080526000803088526000803096526000803104526000803112526000803120526000803128526000803136650001503144650001703159650002103176PE-LiUPU20250731180132.0150625s1993 mx a r 001 0 spa d a9706250654 a(Sirsi) i9789706250650 aPE-LiUPUbspacPE-LiUPUerda04a512.12bS982211 aSwokowski, Earl W.,eautor.10aÁlgebra y Trigonometría con Geometría analítica /cEarl W. Swokowski. aTercera edición. 1aMéxico :bGrupo Editorial Iberoaméricana,c1993. a835 páginas :bilustraciones, diagrs ;c24 centímetros atext2rdacontent aunmediated2rdamedia avolume2rdacarrier aÍndice : páginas 829-836.0 aConceptos fundamentales -- Números reales -- Exponentes y radicales -- Expresiones algebraicas -- Expresiones fraccionarias -- Ecuaciones y desigualdades -- Ecuaciones -- Problemas de aplicación -- Ecuaciones cuadráticas -- Números complejos -- Otros tipos de ecuaciones -- Desigualdades -- Algo más sobre desigualdades -- Funciones y gráficas -- Sistemas de coordenadas rectangulares -- Gráficas de ecuaciones -- Rectas -- Definición de función -- Gráficas de funciones -- Funciones cuadráticas -- Operaciones con funciones -- Funciones inversas -- Variación -- Funciones polinomiales y racionales -- Gráficas de funciones polinomiales de grado mayor que 2 -- Propiedades de la división -- Ceros de polinomios -- Ceros complejos y racionales de polinomios -- Funciones racionales -- Funciones exponenciales y logarítmicas -- Funciones exponenciales -- La función exponencial natural -- Funciones logarítmicas -- Propiedades de los logaritmos -- Ecuaciones exponenciales y logarítmicas -- Funciones trigonométricas -- Ángulos -- Funciones trigonométricas de ángulos agudos -- Aplicaciones donde intervienen triángulos rectángulos -- Funciones trigonométricas de un ángulo cualquiera -- Gráficas trigonométricas generalizadas -- Otras gráficas trigonométricas -- Movimiento armónico -- Trigonometría analítica -- Verificación de las identidades trigonométricas -- Fórmulas de adición y sustración -- Fórmulas para ángulos múltiples -- Fórmulas de producto a suma y de suma a producto -- Funciones trigonométricas inversas -- Aplicaciones de la trigonometría -- Ley de los senos -- Ley de los cosenos -- Forma trigonométrica de los números complejos -- Teorema de de moivre -- Vectores y cantidades vectoriales -- El producto escalar (o producto punto) -- Sistemas de ecuaciones y desigualdades -- Sistemas de ecuaciones -- Sistemas de ecuaciones lineales en dos variables -- Sistemas de ecuaciones lineales en más de dos variables -- Fracciones parciales -- Sistemas de desigualdades -- Programación lineal -- Álgebra de matrices -- Inversa de una matriz -- Determinantes -- Propiedades de los determinantes -- Sucesiones, series y probabilidad -- Sucesiones infinitas y notación de sumatoria -- Sucesiones aritméticas -- Sucesiones geométricas -- Inducción matemática -- Teorema del binomio -- Permutaciones -- Permutaciones distinguibles y combinaciones -- Probabilidad. aSEG44 aSEG26 aP159 aP155 aP154 aP153 aP150 aP100 aP31 aP30 aP26 aP25 aP24 aP22 aP15 aP1014aÁlgebra.24aGeometría.24aTrigonometría.